Statistiques concernant Carte de la Suisse avant la Révolution

Cliquez ici pour prendre le quiz!

Statistiques générales

  • Ce quiz a été pris 192 fois
  • Le résultat moyen est 16 sur 41

Réponses sur la Carte

Les réponses sont colorées sur une échelle allant du rouge au vert en fonction du pourcentage des utilisateurs qui les ont devinées à leur premier essai. Vous pouvez retrouver ces pourcentages ci-dessous.
 

Statistiques - réponses

Réponse% Correct
Canton d'Uri
95%
Canton de Berne
94%
République de Genève
91%
Canton de Bâle
86%
Canton de Zurich
83%
Canton de Fribourg
74%
République du Valais
74%
Principauté de Neuchâtel
72%
État Libre des Trois Ligues
69%
Canton de Lucerne
68%
Canton d'Appenzell
59%
Abbaye et Ville de Saint-Gall
57%
Canton de Zoug
57%
Canton de Schwytz
54%
Canton de Soleure
54%
Canton d'Unterwald
53%
Canton de Schaffhouse
51%
Bailliage de Lugano
48%
Canton de Glaris
48%
Landgraviat de Thurgovie
43%
Bailliage de Locarno
36%
République de Mulhouse
32%
Bailliage de Bellinzone
31%
Bailliage de Morat
20%
Bailliage de Mendrisio
15%
Comté de Baden
15%
Bailliage d'Orbe-Échallens
14%
Bailliage de Grandson
11%
Bailliage de Rapperswil
11%
Comté de Sargans
10%
Abbaye d'Engelberg
9%
Principauté épiscopale de Bâle
9%
Bailliage de Vallemaggia
7%
Comté de Grasbourg/Schwarzenbourg
7%
République de Gersau
7%
Bailliage de Blenio
6%
Bailliage de la Riviera
6%
Bailliage de Rheintal
6%
Bailliage de Windegg/Gaster
5%
Bailliage d'Uznach
5%
Freie Ämter
5%

Distribution des résultats

Percentile par nombre de réponses

% des personnes avec chaque résultat

Votre développement - résultats

Vous n’avez pas pris ce quiz